书目信息 |
| 题名: |
红一方面军长征纪实
|
|
| 作者: | 傅建文 著 | |
| 分册: | ||
| 出版信息: | 北京 解放军文艺出版社 2006.06 |
|
| 页数: | 377页 | |
| 开本: | 21cm | |
| 丛书名: | ||
| 单 册: | ||
| 中图分类: | I25 | |
| 科图分类: | ||
| 主题词: | 报告文学--bao gao wen xue--中国--现代 , 二万五千里长征--er wan wu qian li chang zheng--史料--红一方面军 | |
| 电子资源: | ||
| ISBN: | 7-5033-0804-4 | |
| 000 | 00878nam0 2200241 450 | |
| 001 | 012007995520 | |
| 005 | 20071228115625.78 | |
| 010 | @a7-5033-0804-4@dCNY22.00 | |
| 100 | @a20071227d2006 km y0chiy0120 ea | |
| 101 | 0 | @achi |
| 102 | @aCN@b110000 | |
| 105 | @ay z 000zy | |
| 106 | @ar | |
| 200 | 1 | @a红一方面军长征纪实@Ahong yi fang mian jun zhang zheng ji shi@f傅建文著@Ffu jian wen zhu |
| 210 | @a北京@c解放军文艺出版社@d2006.06 | |
| 215 | @a377页@d21cm | |
| 330 | @a本书以真实的笔调再现了二万五千里长征的悲壮场景,同时以崭新的视角和独到的见解辟入历史的幽深处,揭示了特定历史环境中高层人物的复杂的内心世界。 | |
| 606 | 0 | @a报告文学@Abao gao wen xue@y中国@z现代 |
| 606 | 0 | @a二万五千里长征@Aer wan wu qian li chang zheng@x史料@x红一方面军 |
| 690 | @aI25@v4 | |
| 701 | 0 | @a傅建文@Afu jian wen@4著 |
| 801 | 0 | @aCN@bQSSK@c20071228 |
| 905 | @b272648-50@dI25@eF927@f3 | |
| 红一方面军长征纪实/傅建文著.-北京:解放军文艺出版社,2006.06 |
| 377页;21cm |
| ISBN 7-5033-0804-4:CNY22.00 |
| 本书以真实的笔调再现了二万五千里长征的悲壮场景,同时以崭新的视角和独到的见解辟入历史的幽深处,揭示了特定历史环境中高层人物的复杂的内心世界。 |
| ● |
| 相关链接 |
|
|
|
正题名:红一方面军长征纪实
索取号:I25/F927
 
预约/预借
| 序号 | 登录号 | 条形码 | 馆藏地/架位号 | 状态 | 备注 |
| 1 | 272648 | 202726489 | 文学库108/108文学库 65排4列3层/ [索取号:I25/F927] | 在馆 | |
| 2 | 272649 | 202726498 | 文学库108/108文学库 65排4列3层/ [索取号:I25/F927] | 在馆 | |
| 3 | 272650 | 202726504 | 文学库108/108文学库 65排4列3层/ [索取号:I25/F927] | 在馆 |